Oceňovanie majetku podnikateľského subjektu podľa slovenskej právnej úpravy účtovníctva bakalárska práca

Na minha lista:
Detalhes bibliográficos
Autor principal: Szalayová, Marianna
Autor Corporativo: Fakulta hospodárskej informatiky EU. Katedra účtovníctva a audítorstva
Outros Autores: Bednárová, Beáta
Formato: Livro
Idioma:eslovaco
Publicado em: Bratislava 2014
Tags: Adicionar Tag
Sem tags, seja o primeiro a adicionar uma tag!

MARC

LEADER 00000nbm a2200000 4500
001 0191736
005 20170201103825.2
041 0 |a slo 
044 |a SK 
245 1 0 |a Oceňovanie majetku podnikateľského subjektu podľa slovenskej právnej úpravy účtovníctva  |b bakalárska práca  |c Marianna Szalayová ; školiteľ: Beáta Bednárová 
264 1 |a Bratislava  |c 2014 
300 |a 48 s. 
100 1 |a Szalayová, Marianna 
700 1 |a Bednárová, Beáta 
710 2 |a Fakulta hospodárskej informatiky EU. Katedra účtovníctva a audítorstva